El Passat de la nostra vila : la Pobla de Lillet : recull històric, geogràfic i cultural / Joan Rosiñol i Orriols la Pobla de Lillet :
Descripción Física:
19 p. : il. ; 31 cm
Materias:
Pobla de Lillet -- Història local
MARC
| LEADER | 00000nam a2200000Ia 4500 | ||
|---|---|---|---|
| 001 | 8402 | ||
| 008 | 160829s1988 xx 000 0 cat d | ||
| 080 | |a FOL-1-100 | ||
| 100 | |a Rosiñol i Orriols, Joan |9 25580 | ||
| 245 | |a El Passat de la nostra vila : |b la Pobla de Lillet : |b recull històric, geogràfic i cultural / Joan Rosiñol i Orriols | ||
| 260 | |a Barcelona : |b La Llar del Llibre, |c 1988 | ||
| 300 | |a 19 p. : |b il. ; |c 31 cm | ||
| 590 | |a Amb la col·laboració de la Diputació de Barcelona | ||
| 650 | |a Pobla de Lillet |x Història local |9 25581 | ||
| 710 | 1 | |a Barcelona (Catalunya : Província). |b Diputació |9 52408 | |
| 901 | |a Arxiu | ||
| 942 | |n 1 | ||
| 952 | |0 0 |1 0 |4 0 |6 FOL1100 |7 1 |9 43684 |a Arxiu |b Arxiu |d 2016-12-01 |l 0 |o FOL-1-100 |p 8402 |r 2016-12-01 00:00:00 |w 2016-12-01 |y ARXIU | ||
| 999 | |c 46232 |d 46232 | ||